| 000 | 00462nam a2200157 4500 | ||
|---|---|---|---|
| 001 | 140592 | ||
| 003 | ES-MaACL | ||
| 005 | 20230906200117.0 | ||
| 007 | t| | ||
| 008 | 070214s1911 fr r ||||1| fre d | ||
| 100 | 1 |
_aSeillière, Ernest. _9105268 |
|
| 245 | 1 | 0 |
_aIntroduction a la philosophie de l'imperialisme / _cpar Ernest Seillière. |
| 260 |
_aParis : _bPlon-Nourrit et Cie., _c1911. |
||
| 300 |
_aIV, 318 p. ; _c19 x 12 cm. |
||
| 852 |
_aES-MaACL _jF-11618 |
||
| 999 |
_c140592 _d140592 |
||